[Event "AUT-chT2M 0506"]
[White "Starc, Christian"]
[Black "Frosch, Ronald"]
[Site "Austria"]
[Round "7.4"]
[Result "0-1"]
[Date "2006.02.05"]
[WhiteElo "2158"]
[BlackElo "2213"]
[PlyCount "110"]
[EventDate "2005.10.08"]
[EventType "team-tourn"]
[EventRounds "11"]
[EventCountry "AUT"]
[SourceTitle "EXT 2006"]
[Source "ChessBase"]
[SourceDate "2005.11.24"]
[SourceVersion "1"]
[SourceVersionDate "2005.11.24"]
[SourceQuality "1"]
[WhiteTeam "Feffernitz"]
[BlackTeam "Gleisdorf"]
[WhiteTeamCountry "AUT"]
[BlackTeamCountry "AUT"]

1. d4 d6 2. Nf3 Nf6 3. g3 e6 4. Bg2 Be7 5. 0-0 0-0 6. c4 Nbd7 7. Nc3 a6 8. Qc2 Rb8 9. b4 b6 10. Rd1 Re8 11. Bb2 c5 12. dxc5 bxc5 13. b5 Bb7 14. a4 Qc8 15. e4 e5 16. Bh3 Qc7 17. a5 Nf8 18. b6 Qc6 19. Nd5 Ne6 20. Qd3 Nd4 21. Nd2 Bd8 22. Nf1 Bc8 23. Bg2 Nxd5 24. cxd5 Qb5 25. Bxd4 exd4 26. Qc2 f5 27. Rdb1 Qd7 28. Nd2 Qf7 29. Nc4 Qg6 30. Re1 f4 31. Qd3 Rf8 32. Ra3 Bd7 33. Qc2 Bb5 34. gxf4 Rxf4 35. Rg3 Qf6 36. e5 dxe5 37. Nxe5 c4 38. Nc6 d3 39. Qa2 Qc3 40. Rge3 Bh4 41. Rf1 Bxc6 42. dxc6 Bxf2+ 43. Qxf2 Rxf2 44. Bd5+ Kh8 45. Kxf2 Qd2+ 46. Kf3 Rf8+ 47. Kg4 h5+ 48. Kxh5 Qxh2+ 49. Kg4 Rxf1 50. Rh3+ Qxh3+ 51. Kxh3 d2 52. c7 Rf8 53. b7 d1Q 54. c8Q Qh5+ 55. Kg3 Qe5+ 0-1

[Event "Jacques Lemans op 19th"]
[White "Starc, Christian"]
[Black "Kiss, Attila"]
[Site "St Veit"]
[Round "8"]
[Result "0-1"]
[Date "2000.??.??"]
[WhiteElo "2124"]
[BlackElo "2326"]
[PlyCount "54"]
[EventDate "2000.07.??"]
[EventType "swiss"]
[EventRounds "9"]
[EventCountry "AUT"]
[SourceTitle "EXT 2001"]
[Source "ChessBase"]
[SourceDate "2000.11.22"]
[SourceVersion "1"]
[SourceVersionDate "2000.11.22"]
[SourceQuality "1"]

1. e4 d5 2. exd5 Nf6 3. d4 Nxd5 4. c4 Nb6 5. h3 e5 6. dxe5 Qxd1+ 7. Kxd1 Nc6 8. f4 Bf5 9. Nf3 0-0-0+ 10. Nbd2 Bc5 11. Ng5 Rhf8 12. g4 f6 13. gxf5 fxg5 14. Be2 gxf4 15. e6 Nd4 16. Bg4 Nxf5 17. b4 Bxb4 18. Rb1 Be7 19. Rb5 Nxc4 20. Ke1 Bh4+ 21. Ke2 Ng3+ 22. Kf3 Nxd2+ 23. Bxd2 Rd3+ 24. Kf2 Rxd2+ 25. Ke1 Ne4+ 26. Kf1 Be7 27. Ke1 f3 0-1

[Event "Bled op 20th"]
[White "Semrl, Marjan"]
[Black "Starc, Christian"]
[Site "Bled"]
[Round "8"]
[Result "1-0"]
[Date "1999.03.27"]
[WhiteElo "2206"]
[BlackElo "2126"]
[PlyCount "55"]
[EventDate "1999.03.20"]
[EventType "swiss"]
[EventRounds "9"]
[EventCountry "SLO"]
[SourceTitle "CBM 069 Extra"]
[Source "ChessBase"]
[SourceDate "1999.05.10"]
[SourceVersion "1"]
[SourceVersionDate "1999.05.10"]
[SourceQuality "1"]

1. d4 Nf6 2. Nc3 c5 3. Bg5 Qb6 4. d5 Qxb2 5. Bd2 Qb6 6. e4 d6 7. f4 g6 8. e5 dxe5 9. fxe5 Nfd7 10. Nf3 Bg7 11. Rb1 Qd8 12. Bf4 0-0 13. Be2 a6 14. 0-0 b5 15. Ne4 Bb7 16. c4 b4 17. Qd2 Qa5 18. a3 Qc7 19. e6 Ne5 20. Nxe5 Bxe5 21. Bxe5 Qxe5 22. Nxc5 Bc8 23. axb4 fxe6 24. Rxf8+ Kxf8 25. Rf1+ Kg7 26. dxe6 Bxe6 27. Bf3 Ra7 28. Nxe6+ 1-0

[Event "Bled op 20th"]
[White "Grosar, Kiti"]
[Black "Starc, Christian"]
[Site "Bled"]
[Round "5"]
[Result "1-0"]
[Date "1999.03.24"]
[WhiteElo "2214"]
[BlackElo "2126"]
[PlyCount "33"]
[EventDate "1999.03.20"]
[EventType "swiss"]
[EventRounds "9"]
[EventCountry "SLO"]
[SourceTitle "CBM 069 Extra"]
[Source "ChessBase"]
[SourceDate "1999.05.10"]
[SourceVersion "1"]
[SourceVersionDate "1999.05.10"]
[SourceQuality "1"]

1. e4 c5 2. Nf3 d6 3. d4 cxd4 4. Nxd4 Nf6 5. Nc3 Nc6 6. Bc4 e6 7. Bb3 Be7 8. Be3 0-0 9. Qe2 Bd7 10. 0-0-0 Nxd4 11. Bxd4 Bc6 12. Rhg1 a6 13. g4 b5 14. g5 Nd7 15. Qg4 a5 16. Rd3 a4 17. Rh3 1-0

[Event "AUT-chT2S 9798"]
[White "Wegerer, Fred"]
[Black "Starc, Christian"]
[Site "Austria"]
[Round "10"]
[Result "1-0"]
[Date "1998.03.14"]
[WhiteElo "2235"]
[BlackElo "2170"]
[PlyCount "71"]
[EventDate "1997.??.??"]
[EventType "team-tourn"]
[EventRounds "11"]
[EventCountry "AUT"]
[SourceTitle "EXT 1999"]
[Source "ChessBase"]
[SourceDate "1998.11.16"]
[SourceVersion "1"]
[SourceVersionDate "1998.11.16"]
[SourceQuality "1"]

1. d4 Nf6 2. Nf3 g6 3. Bg5 d5 4. Nbd2 c6 5. c3 Nbd7 6. e3 Bg7 7. Be2 0-0 8. 0-0 b6 9. b4 Bb7 10. Qb3 Qe8 11. Rac1 e5 12. dxe5 Nxe5 13. Nxe5 Qxe5 14. Bf4 Qe7 15. c4 Rfe8 16. Bf3 Ne4 17. Rfd1 g5 18. Bg3 Nxg3 19. hxg3 d4 20. Nf1 Rad8 21. c5 b5 22. Rd3 Qe6 23. Rcd1 Qxb3 24. axb3 f5 25. g4 fxg4 26. Bxg4 Bf6 27. exd4 Re4 28. Ne3 Rdxd4 29. Rxd4 Rxd4 30. Re1 Re4 31. Bf3 Re7 32. Rd1 Bc3 33. Rd8+ Kf7 34. Nf5 Re1+ 35. Kh2 Be5+ 36. g3 1-0

[Event "Bled op 19th"]
[White "Groselj, Petra"]
[Black "Starc, Christian"]
[Site "Bled"]
[Round "3"]
[Result "1/2-1/2"]
[Date "1998.??.??"]
[WhiteElo "2100"]
[BlackElo "2170"]
[PlyCount "83"]
[EventDate "1998.03.21"]
[EventType "swiss"]
[EventRounds "9"]
[EventCountry "SLO"]
[SourceTitle "EXT 1999"]
[Source "ChessBase"]
[SourceDate "1998.11.16"]
[SourceVersion "1"]
[SourceVersionDate "1998.11.16"]
[SourceQuality "1"]

1. e4 c5 2. Nf3 Nc6 3. d4 cxd4 4. Nxd4 e5 5. Nb5 d6 6. c4 Nf6 7. N1c3 a6 8. Na3 Be7 9. Bd3 0-0 10. 0-0 Be6 11. Nc2 h6 12. Ne3 Nd4 13. Ne2 Nxe2+ 14. Qxe2 Nd7 15. Rd1 Rc8 16. Bd2 Qb6 17. b4 Rfd8 18. a4 a5 19. Rdb1 axb4 20. Bxb4 Qa7 21. Nf5 Bxf5 22. exf5 Nc5 23. Be4 Nxe4 24. Qxe4 Rc6 25. Bd2 Rdc8 26. Be3 Qa6 27. a5 R8c7 28. Ra4 Bf6 29. h3 Qa8 30. Bb6 Rc8 31. Qd5 Bg5 32. Qb5 Qa6 33. Qd5 Rxc4 34. Rxc4 Rxc4 35. Qxd6 Bf6 36. Qb8+ Kh7 37. Bc7 Qc6 38. Bxe5 Bxe5 39. Qxe5 Rc5 40. Qe1 Rb5 41. f6 gxf6 42. Rxb5 1/2-1/2

[Event "Bled op 19th"]
[White "Starc, Christian"]
[Black "Drei, Andrea"]
[Site "Bled"]
[Round "6"]
[Result "0-1"]
[Date "1998.??.??"]
[WhiteElo "2170"]
[BlackElo "2320"]
[PlyCount "90"]
[EventDate "1998.03.21"]
[EventType "swiss"]
[EventRounds "9"]
[EventCountry "SLO"]
[SourceTitle "EXT 1999"]
[Source "ChessBase"]
[SourceDate "1998.11.16"]
[SourceVersion "1"]
[SourceVersionDate "1998.11.16"]
[SourceQuality "1"]

1. d4 Nf6 2. c4 e6 3. g3 d5 4. Nf3 Be7 5. Bg2 c6 6. 0-0 0-0 7. Nc3 Nbd7 8. Qc2 b6 9. e4 Bb7 10. cxd5 cxd5 11. e5 Ne8 12. h4 h6 13. Bh3 Rc8 14. Be3 b5 15. a3 Nb6 16. Qe2 Nc7 17. Rac1 Ba6 18. b4 Nc4 19. Qa2 Bb7 20. Ne1 a5 21. Nd3 Ra8 22. Nc5 Bxc5 23. bxc5 b4 24. Nb1 Ba6 25. Rfe1 Rb8 26. axb4 axb4 27. Nd2 Nxd2 28. Bxd2 b3 29. Qb2 Bd3 30. Bf1 Bc2 31. Ba5 f5 32. Be2 Ra8 33. Ra1 Qd7 34. Bd1 Qb5 35. Be2 Qc6 36. Rec1 f4 37. Bd1 fxg3 38. fxg3 Qb5 39. Bxc2 bxc2 40. Qxb5 Nxb5 41. Rxc2 Nxd4 42. Rb2 Nf3+ 43. Kg2 Nxe5 44. Re2 Nc6 45. Bc3 d4 0-1

[Event "Bled op 19th"]
[White "Starc, Christian"]
[Black "Kostanjsek, Zorko"]
[Site "Bled"]
[Round "4"]
[Result "1-0"]
[Date "1998.??.??"]
[WhiteElo "2170"]
[BlackElo "2225"]
[PlyCount "99"]
[EventDate "1998.03.21"]
[EventType "swiss"]
[EventRounds "9"]
[EventCountry "SLO"]
[SourceTitle "EXT 2002"]
[Source "ChessBase"]
[SourceDate "2001.11.25"]
[SourceVersion "1"]
[SourceVersionDate "2001.11.25"]
[SourceQuality "1"]

1. e4 e5 2. Nf3 Nc6 3. d4 exd4 4. Bc4 Nf6 5. 0-0 d6 6. c3 d3 7. Qb3 Qd7 8. e5 dxe5 9. Ng5 Nd8 10. Rd1 Bd6 11. Nd2 0-0 12. Bxd3 Ne6 13. Bf5 h6 14. Nxe6 fxe6 15. Ne4 Qf7 16. Nxd6 cxd6 17. Bh3 d5 18. Be3 Kh8 19. f3 b6 20. a4 Nd7 21. Qb4 Re8 22. a5 bxa5 23. Rxa5 a6 24. Qh4 Rb8 25. b4 Nb6 26. Bc5 Nc4 27. Ra2 Kh7 28. Qf2 g5 29. g3 Bb7 30. Bf1 Rbd8 31. Bd3+ Kh8 32. Rf1 Kg7 33. Qe2 Rc8 34. Raa1 Qc7 35. Rad1 Red8 36. f4 Kh8 37. fxg5 Qg7 38. g6 Rd7 39. Bxc4 dxc4 40. Rxd7 Qxd7 41. Rf7 Qd5 42. Rxb7 Qxb7 43. Qxe5+ Qg7 44. Qxe6 Rd8 45. Bd6 Rxd6 46. Qxd6 Qa7+ 47. Qc5 Qa8 48. Qe5+ Kg8 49. Qe6+ Kh8 50. Qf6+ 1-0

[Event "AUT-chT2S 9798"]
[White "Demuth, Markus"]
[Black "Starc, Christian"]
[Site "Austria"]
[Round "6"]
[Result "1-0"]
[Date "1997.12.07"]
[WhiteElo "2230"]
[BlackElo "2170"]
[PlyCount "57"]
[EventDate "1997.??.??"]
[EventType "team-tourn"]
[EventRounds "11"]
[EventCountry "AUT"]
[SourceTitle "EXT 1999"]
[Source "ChessBase"]
[SourceDate "1998.11.16"]
[SourceVersion "1"]
[SourceVersionDate "1998.11.16"]
[SourceQuality "1"]

1. e4 c5 2. Nf3 d6 3. d4 cxd4 4. Nxd4 Nf6 5. Nc3 Nc6 6. Bg5 e6 7. Qd2 Be7 8. 0-0-0 0-0 9. Nb3 a5 10. a4 Qb6 11. f3 d5 12. Bxf6 Bxf6 13. exd5 Nb4 14. d6 Bd7 15. Bb5 Bxc3 16. bxc3 Na2+ 17. Kb2 Bxb5 18. axb5 a4 19. Nd4 e5 20. Kxa2 exd4 21. Qxd4 Qxb5 22. Rhe1 Rad8 23. Qd5 Qb6 24. Re7 Rb8 25. d7 Rbd8 26. Rde1 a3 27. Qb3 Qc6 28. Rxf7 Rxf7 29. Re7 1-0

[Event "AUT-chT2S 9697"]
[White "Raffalt, Manfred"]
[Black "Starc, Christian"]
[Site "Austria"]
[Round "8"]
[Result "0-1"]
[Date "1997.??.??"]
[WhiteElo "2190"]
[BlackElo "2205"]
[PlyCount "112"]
[EventDate "1996.??.??"]
[EventType "team-tourn"]
[EventRounds "11"]
[EventCountry "AUT"]
[SourceTitle "EXT 1999"]
[Source "ChessBase"]
[SourceDate "1998.11.16"]
[SourceVersion "1"]
[SourceVersionDate "1998.11.16"]
[SourceQuality "1"]

1. d4 d5 2. c4 e6 3. Nc3 c5 4. e3 Nc6 5. Nf3 Nf6 6. Be2 Be7 7. 0-0 0-0 8. b3 Ne4 9. Bb2 Nxc3 10. Bxc3 dxc4 11. Bxc4 b6 12. dxc5 Bxc5 13. Qxd8 Rxd8 14. Rfd1 Bb7 15. Ne5 Ne7 16. Nd3 Bd6 17. Bb2 Nf5 18. Be5 Nh4 19. Bxd6 Rxd6 20. f3 b5 21. Bxb5 Rd5 22. Bc4 Rg5 23. Ne1 Nxf3+ 24. Nxf3 Bxf3 25. Rd2 h5 26. Rf1 Bc6 27. Rf4 Re5 28. Rd6 Be4 29. Rd7 Bf5 30. Rfd4 a5 31. Kf2 Rc5 32. e4 Bg6 33. Ke3 Rg5 34. g3 Rc5 35. Rd8+ Rxd8 36. Rxd8+ Kh7 37. Kd4 Rg5 38. Bd3 Rg4 39. Ra8 Bxe4 40. Bxe4+ f5 41. Rxa5 Rxe4+ 42. Kd3 Re1 43. a4 g5 44. Rc5 Kg6 45. Rc4 Ra1 46. Kc2 e5 47. Kb2 Rd1 48. a5 f4 49. a6 f3 50. Rc6+ Kf7 51. Rc7+ Ke6 52. Rc6+ Kf5 53. Rc8 Rd2+ 54. Kb1 Rd7 55. b4 e4 56. Re8 Rf7 0-1

[Event "Bled op 18th"]
[White "Starc, Christian"]
[Black "Hess, Christian"]
[Site "Bled"]
[Round "4"]
[Result "1/2-1/2"]
[Date "1997.??.??"]
[WhiteElo "2165"]
[BlackElo "2290"]
[PlyCount "127"]
[EventDate "1997.03.15"]
[EventType "swiss"]
[EventRounds "9"]
[EventCountry "SLO"]
[SourceTitle "CBM 057 Extra"]
[Source "ChessBase"]
[SourceDate "1997.05.01"]
[SourceVersion "1"]
[SourceVersionDate "1997.05.01"]
[SourceQuality "1"]

1. e4 e6 2. d4 d5 3. Nd2 c5 4. exd5 exd5 5. Ngf3 Nc6 6. Bb5 Bd6 7. 0-0 cxd4 8. Nb3 Nge7 9. Nbxd4 0-0 10. c3 Bg4 11. Be2 a6 12. Be3 Qc7 13. h3 Bh5 14. Nh4 Bxe2 15. Qxe2 Rfe8 16. Qc2 Nxd4 17. Bxd4 Nc6 18. Nf3 Rad8 19. Rad1 h6 20. Qd3 Re4 21. Be3 Qe7 22. Bb6 Rd7 23. g3 Bc5 24. Bxc5 Qxc5 25. Kg2 b5 26. Rd2 a5 27. Rfd1 g6 28. Qc2 Kg7 29. Qb3 a4 30. Qc2 Rd8 31. Qd3 Rd7 32. Re2 Rde7 33. Rde1 Rxe2 34. Rxe2 Rxe2 35. Qxe2 b4 36. cxb4 Qxb4 37. Qc2 Ne7 38. Qd2 Qe4 39. Qd4+ Kf8 40. Qxe4 dxe4 41. Nd2 f5 42. f3 e3 43. Nc4 Nd5 44. f4 g5 45. Kf3 gxf4 46. gxf4 e2 47. Kxe2 Nxf4+ 48. Ke3 Nxh3 49. Nb6 a3 50. b4 Ke7 51. Nc4 f4+ 52. Ke2 Kd7 53. Nxa3 Kc6 54. Nb1 Kb5 55. a3 Ng5 56. Nc3+ Kc4 57. b5 Kxc3 58. b6 Ne6 59. b7 Nd4+ 60. Kf2 Nc6 61. Kf3 Kd4 62. Kxf4 Kd5 63. Kf5 Kd6 64. Kg6 1/2-1/2

[Event "Bled op 18th"]
[White "Tatenhorst, Volker"]
[Black "Starc, Christian"]
[Site "Bled"]
[Round "3"]
[Result "1-0"]
[Date "1997.??.??"]
[WhiteElo "2280"]
[BlackElo "2165"]
[PlyCount "75"]
[EventDate "1997.03.15"]
[EventType "swiss"]
[EventRounds "9"]
[EventCountry "SLO"]
[SourceTitle "CBM 057 Extra"]
[Source "ChessBase"]
[SourceDate "1997.05.01"]
[SourceVersion "1"]
[SourceVersionDate "1997.05.01"]
[SourceQuality "1"]

1. d4 Nf6 2. c4 e6 3. g3 d5 4. Bg2 c5 5. Nf3 Nc6 6. 0-0 Be7 7. cxd5 exd5 8. Be3 c4 9. Ne5 0-0 10. b3 cxb3 11. Qxb3 Na5 12. Qd3 Be6 13. Nc3 Rc8 14. Bg5 h6 15. Bxf6 Bxf6 16. f4 Nc6 17. Rab1 Qa5 18. Rb5 Qa6 19. Rfb1 Ne7 20. Qd2 Bxe5 21. fxe5 Qc6 22. Rxb7 Qxc3 23. Qxc3 Rxc3 24. Rxe7 Ra3 25. Rb2 Rc8 26. Reb7 Rc4 27. Rd2 Raa4 28. e3 Ra3 29. Kf2 Rcc3 30. e4 dxe4 31. Rb8+ Kh7 32. Bxe4+ g6 33. d5 Bf5 34. Bxf5 Rf3+ 35. Kg2 gxf5 36. d6 f4 37. d7 fxg3 38. d8Q 1-0

[Event "Eger Agria op"]
[White "Bujdoso, Bela"]
[Black "Starc, Christian"]
[Site "Eger"]
[Round "6"]
[Result "0-1"]
[Date "1996.??.??"]
[WhiteElo "2045"]
[BlackElo "2190"]
[PlyCount "73"]
[EventDate "1996.07.??"]
[EventType "swiss"]
[EventRounds "9"]
[EventCountry "HUN"]
[SourceTitle "EXT 2004"]
[Source "ChessBase"]
[SourceDate "2003.11.25"]
[SourceVersion "1"]
[SourceVersionDate "2003.11.25"]
[SourceQuality "1"]

1. e4 c5 2. c3 d5 3. exd5 Qxd5 4. d4 cxd4 5. cxd4 Nc6 6. Nf3 e6 7. Nc3 Bb4 8. Bd2 Bxc3 9. Bxc3 Nf6 10. Bd3 b6 11. Qe2 Bb7 12. Rd1 0-0 13. 0-0 Rac8 14. Rfe1 Rfd8 15. Bc4 Qd6 16. Ne5 Nd5 17. Qh5 g6 18. Qg4 Nxe5 19. dxe5 Qc7 20. Bxd5 Rxd5 21. Rxd5 Bxd5 22. a3 Qc4 23. Qg5 Qd3 24. Qe7 Bc6 25. f3 a6 26. Qb4 b5 27. Bd2 Bd5 28. Bh6 Qf5 29. Qd6 g5 30. Qd7 Ra8 31. Rc1 Bc4 32. b3 Qf4 33. Rd1 Bd5 34. b4 Qh4 35. Rxd5 exd5 36. g3 Qxh6 37. Qxd5 0-1

[Event "AUT-chT2S 9697"]
[White "Detter, Peter"]
[Black "Starc, Christian"]
[Site "Austria"]
[Round "11"]
[Result "1/2-1/2"]
[Date "1996.??.??"]
[WhiteElo "2190"]
[BlackElo "2260"]
[PlyCount "37"]
[EventDate "1996.??.??"]
[EventType "team-tourn"]
[EventRounds "11"]
[EventCountry "AUT"]
[SourceTitle "EXT 1999"]
[Source "ChessBase"]
[SourceDate "1998.11.16"]
[SourceVersion "1"]
[SourceVersionDate "1998.11.16"]
[SourceQuality "1"]

1. Nf3 Nf6 2. c4 e6 3. g3 d5 4. Bg2 Be7 5. 0-0 0-0 6. b3 c5 7. Bb2 Nc6 8. e3 b6 9. Qe2 Bb7 10. Rd1 dxc4 11. bxc4 Qc7 12. Nc3 a6 13. Rab1 Na5 14. d3 Bc6 15. Ba1 Nd7 16. Nd2 Bxg2 17. Kxg2 Rab8 18. f4 Nc6 19. Nf3 1/2-1/2

[Event "Feffernitz Raika op 05th"]
[White "Kurasch, Josef"]
[Black "Starc, Christian"]
[Site "Feffernitz"]
[Round "?"]
[Result "1-0"]
[Date "1996.??.??"]
[WhiteElo "2060"]
[BlackElo "2190"]
[PlyCount "59"]
[EventDate "1996.08.??"]
[EventType "swiss"]
[EventRounds "9"]
[EventCountry "AUT"]
[SourceTitle "EXT 2004"]
[Source "ChessBase"]
[SourceDate "2003.11.25"]
[SourceVersion "1"]
[SourceVersionDate "2003.11.25"]
[SourceQuality "1"]

1. c4 c5 2. Nf3 Nf6 3. d4 cxd4 4. Nxd4 Nc6 5. Nc3 e6 6. g3 Qb6 7. Nb3 Ne5 8. e4 Bb4 9. Qe2 0-0 10. f4 Nc6 11. Be3 Bxc3+ 12. bxc3 Qc7 13. e5 Ne4 14. Qd3 f5 15. exf6 Nxf6 16. Bc5 Rf7 17. Bd6 Qd8 18. Bg2 b6 19. 0-0 Ba6 20. Rfe1 Rc8 21. Be4 Ne7 22. Nd2 Nxe4 23. Qxe4 Nf5 24. Bb4 Qc7 25. Rad1 Bb7 26. Qe5 Qc6 27. Qe4 Qxe4 28. Nxe4 Rxc4 29. Ng5 Rxb4 30. Nxf7 1-0

[Event "Jacques Lemans op 16th"]
[White "Starc, Christian"]
[Black "Grom, Waldemar"]
[Site "St Veit"]
[Round "5"]
[Result "1-0"]
[Date "1996.??.??"]
[WhiteElo "2165"]
[BlackElo "2045"]
[PlyCount "75"]
[EventDate "1996.07.??"]
[EventType "swiss"]
[EventRounds "9"]
[EventCountry "AUT"]
[SourceTitle "EXT 1999"]
[Source "ChessBase"]
[SourceDate "1998.11.16"]
[SourceVersion "1"]
[SourceVersionDate "1998.11.16"]
[SourceQuality "1"]

1. e4 c5 2. Nf3 e6 3. Nc3 a6 4. a4 Nc6 5. Bc4 g6 6. 0-0 Bg7 7. d3 Nge7 8. Re1 d6 9. Bg5 0-0 10. Qd2 Nd4 11. Nxd4 cxd4 12. Ne2 Re8 13. Ng3 Qc7 14. h4 Bd7 15. h5 Nc6 16. Qf4 Rf8 17. h6 Be5 18. Qh4 f6 19. Bd2 Bxg3 20. Qxg3 Ne5 21. Bb3 Kh8 22. Rac1 Qb6 23. f4 Nf7 24. f5 exf5 25. exf5 Bxf5 26. Rf1 Qc5 27. Qf3 Rab8 28. Rce1 Ne5 29. Qg3 Bd7 30. Rf2 Rbe8 31. Ref1 Ng4 32. Rf4 Ne3 33. R1f2 f5 34. Rxd4 f4 35. Rdxf4 Nd1 36. d4 Qc8 37. Rxf8+ Rxf8 38. Qxd6 1-0

[Event "Feffernitz Raika op 05th"]
[White "Starc, Christian"]
[Black "Petrovic, Pavel"]
[Site "Feffernitz"]
[Round "?"]
[Result "1/2-1/2"]
[Date "1996.??.??"]
[WhiteElo "2190"]
[BlackElo "1905"]
[PlyCount "98"]
[EventDate "1996.08.??"]
[EventType "swiss"]
[EventRounds "9"]
[EventCountry "AUT"]
[SourceTitle "EXT 2004"]
[Source "ChessBase"]
[SourceDate "2003.11.25"]
[SourceVersion "1"]
[SourceVersionDate "2003.11.25"]
[SourceQuality "1"]

1. e4 c5 2. Nf3 d6 3. d4 cxd4 4. Nxd4 Nf6 5. Nc3 a6 6. Bg5 e6 7. f4 Nbd7 8. Qf3 Qc7 9. 0-0-0 Be7 10. Bd3 0-0 11. Qh3 Nc5 12. Kb1 b5 13. e5 Nxd3 14. exf6 Nxf4 15. Bxf4 Bxf6 16. Qg3 Rd8 17. Ne4 Be7 18. Nf3 e5 19. Nxe5 Bf5 20. Nc3 Bxc2+ 21. Kxc2 b4 22. Rd3 bxc3 23. Rxc3 Qa5 24. Nc6 Qa4+ 25. Kb1 Bf6 26. Nxd8 Bxc3 27. Qxc3 Qxf4 28. Nc6 Qe4+ 29. Ka1 Re8 30. Rc1 h6 31. g3 Qe2 32. h4 Re3 33. Qd4 Rd3 34. Qc4 Rd1 35. Qc3 Rd3 36. Qe1 Qg2 37. a3 Kh7 38. Ne7 Rd2 39. Rb1 Re2 40. Qa5 Rxe7 41. Qf5+ Kg8 42. Rc1 Qe2 43. g4 Re8 44. g5 Rb8 45. Rc2 Qe1+ 46. Ka2 Qxh4 47. Rc8+ Rxc8 48. Qxc8+ Kh7 49. Qf5+ Kg8 1/2-1/2

[Event "Jacques Lemans op 16th"]
[White "Starc, Christian"]
[Black "Robitsch, Hermann"]
[Site "St Veit"]
[Round "9"]
[Result "1/2-1/2"]
[Date "1996.??.??"]
[WhiteElo "2165"]
[BlackElo "1983"]
[PlyCount "68"]
[EventDate "1996.07.??"]
[EventType "swiss"]
[EventRounds "9"]
[EventCountry "AUT"]
[SourceTitle "EXT 1999"]
[Source "ChessBase"]
[SourceDate "1998.11.16"]
[SourceVersion "1"]
[SourceVersionDate "1998.11.16"]
[SourceQuality "1"]

1. Nf3 c5 2. c4 Nf6 3. Nc3 Nc6 4. d4 cxd4 5. Nxd4 e5 6. Ndb5 d6 7. g3 a6 8. Na3 Be7 9. Bg2 Bf5 10. 0-0 h5 11. h4 Ng4 12. e4 Be6 13. Re1 g5 14. Bxg5 Bxg5 15. hxg5 Qxg5 16. Nd5 h4 17. f3 Nf2 18. Kxf2 Qxg3+ 19. Ke3 Qxg2 20. Nc7+ Ke7 21. Nxa8 Qxb2 22. Qb3 Qd4+ 23. Ke2 Rg8 24. Rg1 Rxg1 25. Rxg1 Qxg1 26. Qxb7+ Bd7 27. Nb6 Nd4+ 28. Kd2 Qf2+ 29. Kc1 Qe1+ 30. Kb2 Qd2+ 31. Kb1 Qb4+ 32. Ka1 Qc3+ 33. Kb1 Qb4+ 34. Ka1 Qc3+ 1/2-1/2

[Event "Jacques Lemans op 16th"]
[White "Susnik, Matej"]
[Black "Starc, Christian"]
[Site "St Veit"]
[Round "6"]
[Result "1/2-1/2"]
[Date "1996.??.??"]
[WhiteElo "2235"]
[BlackElo "2165"]
[PlyCount "147"]
[EventDate "1996.07.??"]
[EventType "swiss"]
[EventRounds "9"]
[EventCountry "AUT"]
[SourceTitle "EXT 1999"]
[Source "ChessBase"]
[SourceDate "1998.11.16"]
[SourceVersion "1"]
[SourceVersionDate "1998.11.16"]
[SourceQuality "1"]

1. e4 c5 2. Nf3 d6 3. d4 cxd4 4. Nxd4 Nf6 5. Nc3 Nc6 6. Bc4 e6 7. Bb3 Be7 8. 0-0 0-0 9. Kh1 a6 10. f4 Bd7 11. f5 Nxd4 12. Qxd4 e5 13. Qd3 b5 14. Bg5 Bc6 15. Bxf6 Bxf6 16. Bd5 Rc8 17. Bxc6 Rxc6 18. Nd5 Kh8 19. c3 Bg5 20. Rad1 Rc5 21. Qe2 Qb8 22. Rd3 f6 23. Rfd1 Qb7 24. Rh3 a5 25. Qh5 h6 26. Rhd3 Qf7 27. Qxf7 Rxf7 28. Nb6 Kh7 29. Rxd6 b4 30. c4 a4 31. b3 axb3 32. axb3 Ra5 33. Na4 Be3 34. Rd7 Ra7 35. Rxf7 Rxf7 36. Rd6 Ra7 37. g3 h5 38. Kg2 Kh6 39. Kf3 Bg1 40. h3 Kg5 41. h4+ Kh6 42. g4 hxg4+ 43. Kxg4 Rc7 44. Rd8 Kh7 45. h5 Bd4 46. Rd5 Rc8 47. Rd7 Kh6 48. Kf3 Ra8 49. Ke2 Kxh5 50. Kd3 Kg4 51. c5 Rc8 52. Kc4 Kf4 53. Kd5 Ke3 54. c6 Kd3 55. c7 Ba7 56. Kc6+ Kxe4 57. Kb7 Rxc7+ 58. Rxc7 Bd4 59. Rxg7 Kxf5 60. Kc6 e4 61. Kd5 Bf2 62. Re7 e3 63. Nb2 Kf4 64. Re4+ Kf3 65. Rxb4 f5 66. Nd3 Bg3 67. Rb7 f4 68. Rf7 e2 69. Kc4 Ke3 70. Re7+ Kd2 71. Rf7 Ke3 72. Re7+ Kd2 73. Rf7 Ke3 74. Re7+ 1/2-1/2

[Event "Eger Agria op"]
[White "Szeberenyi, Adam"]
[Black "Starc, Christian"]
[Site "Eger"]
[Round "8"]
[Result "1-0"]
[Date "1996.??.??"]
[WhiteElo "2130"]
[BlackElo "2195"]
[PlyCount "77"]
[EventDate "1996.07.??"]
[EventType "swiss"]
[EventRounds "9"]
[EventCountry "HUN"]
[SourceTitle "EXT 2004"]
[Source "ChessBase"]
[SourceDate "2003.11.25"]
[SourceVersion "1"]
[SourceVersionDate "2003.11.25"]
[SourceQuality "1"]

1. d4 Nf6 2. c4 g6 3. Nc3 d5 4. cxd5 Nxd5 5. e4 Nxc3 6. bxc3 Bg7 7. Bc4 c5 8. Ne2 0-0 9. 0-0 Nc6 10. Be3 cxd4 11. cxd4 Bg4 12. f3 Bd7 13. Rc1 Na5 14. Bd3 e6 15. Qd2 b6 16. f4 f5 17. d5 exd5 18. exd5 Re8 19. Nd4 Qe7 20. Bf2 Qd6 21. Nc6 Bxc6 22. dxc6 Rac8 23. Rcd1 Qxc6 24. Ba6 Rb8 25. Rc1 Qf6 26. Bb5 Rbd8 27. Qc2 Re4 28. g3 Rb4 29. a4 Rb2 30. Qc7 Rdd2 31. Qb8+ Bf8 32. Rc8 Kg7 33. Qxa7+ Kh6 34. Rc7 Bg7 35. Qa8 Rxf2 36. Rxf2 Qd4 37. Qg2 Rb1+ 38. Bf1 Qd6 39. Qh3# 1-0